India And the world: (Record no. 193005)

MARC details
000 -LEADER
fixed length control field 00563nam a22001697a 4500
005 - DATE AND TIME OF LATEST TRANSACTION
control field 20221012162416.0
010 ## - LCCN (DPL NO)
LC control number ENG-135371
020 ## - INTERNATIONAL STANDARD BOOK NUMBER
International Standard Book Number 978781832838547
Terms of availability 600.00
035 ## - SYSTEM CONTROL NUMBER
System control number EN-118903
037 ## - SOURCE OF ACQUISITION
Source of stock number/acquisition DBAD/PUB
082 ## - DEWEY DECIMAL CLASSIFICATION NUMBER
Classification number 327.54
245 ## - TITLE STATEMENT
Title India And the world:
Remainder of title Through The Eyes of Indian Diplomats/
Statement of responsibility, etc Edited by Surendra Kumar
260 ## - PUBLICATION, DISTRIBUTION, ETC. (IMPRINT)
Place of publication, distribution, etc New Delhi
Name of publisher, distributor, etc Wisdom Tree
Date of publication, distribution, etc 2015
270 ## - ADDRESS
Address 4779/23, Ansari Road, Darya Ganj
City New Delhi
Postal code 110002
Electronic mail address wisdomtreebooks@gmail.com
300 ## - PHYSICAL DESCRIPTION
Extent xi, 459p.
Dimensions 24cm(hb)
942 ## - ADDED ENTRY ELEMENTS (KOHA)
Source of classification or shelving scheme Dewey Decimal Classification
Item type English Books
Call number suffix IND
Classification part 327.54
Holdings
Withdrawn status Lost status Not for loan Collection code Home library Current library Date acquired Source of acquisition Cost, normal purchase price Full call number Barcode Copy number Cost, replacement price Koha item type
      Non-fiction Bawana Bawana 12/10/2022 DBAD/PUB 600.00 327.54 IND EN-118903 1 600.00 English Books

© Delhi Public Library
Hit Counter
free hit counter